000 00952nam a2200205Ia 4500
003 Ost
005 20260507075115.0
008 260507s9999||||xx |||||||||||||| ||und||
040 _cfsecg
041 _aara
082 _a657.6
100 _aالصحن، عبد الفتاح
_eمؤلف
245 0 _aمبادئ وأسس المراجعة علما وعملا /
_c عبد الفتاح الصحن
260 _aالإسكندرية:
_bمؤسسة شباب الجامعة,
_c1993
300 _a478 صفحة؛
_bإيضاحات ؛
_c24 سم
520 _aالمراجعة وأغراضها- البدء في مراجعة جديدة- الرقابة الداخلية النقدية- العمليات التجارية- تحقيق قائمة الاعمال- تحقيق قائمة المركز المالي- الأصول- الخصوم- التقرير
653 _aالتدقيق المحاسبي
653 _aمراجعة الحسابات
942 _cكتاب
999 _c43010
_d43010